00000000nas 2200000zi 4500
0019.944958
003CaOODSP
00520250410151329
006m     o  d f      
007cr cn ||||||||
008241107d19731980oncar p o    f0    0fre|d
040 |aCaOODSP|bfre|erda|cCaOODSP
0410 |aeng|afre
043 |an-cn---
0861 |aNR1-1-PDF
1102 |aConseil national de recherches Canada.|eauteur, |eorganisme de publication.
24510|aReport of the President / |cNational Research Council Canada = Rapport du Président / Conseil national de recherches Canada.
24631|aRapport du Président
264 1|aOttawa, Ont. : |bConseil national de recherches Canada, |c[1973-1980]
310 |aAnnuel
336 |atexte|btxt|2rdacontent/fre
337 |ainformatique|bc|2rdamedia/fre
338 |aressource en ligne|bcr|2rdacarrier/fre
3621 |aParaît depuis : 1972/1973; ne paraît plus après : 1979/1980.
546 |aTexte en anglais et en français.
588 |aDescription d'après : 1972/1973; titre de la page de titre du fichier PDF.
588 |aDernière livraison consultée : 1979/1980.
61026|aConseil national de recherches Canada|vPériodiques.
650 6|aRecherche|zCanada|vPériodiques.
650 6|aRecherche industrielle|zCanada|vPériodiques.
655 7|aPériodiques|2rvmgf
78000|tRapport du Président / |w(CaOODSP)9.944908
78500|tAnnual report.|w(CaOODSP)9.949948
788 |tReport of the President / |eeng|w(CaOODSP)9.944959